Statistics for Cities in Arabic #2

Click here to take the quiz!

General Stats

  • This quiz has been taken 83 times
  • The average score is 9 of 15

Answer Stats

ArabicLatin NotationEnglish Name% Correct
لشبونةLishbunaLisbon
96%
ملبورنMelbwrnMelbourne
93%
هانويHanuyHanoi
88%
وارسوWarsuWarsaw
88%
أوكلاند'AwklandAuckland
81%
شيكاغوShikaghuChicago
81%
أوسلو'UwsluOslo
76%
ريكيافيكRikyafikReykjavik
75%
فلاديفوستوكFladifustukVladivostok
67%
الجزائرAljazayirAlgiers
53%
فورتاليزاFurtalyzaFortaleza
44%
أوتاوا'AwtauOttawa
37%
تيغوسيغالباTighwsyghalbaTegucigalpa
31%
سوفاSwfaSuva
21%
اورومتشىAwrumatshaaUrumqi
4%

Score Distribution

Percentile by Number Answered

Percent of People with Each Score

Your Score History

You have not taken this quiz